000 00224nam a22001097a 4500
100 _aParagon
245 _aEncyclopedia of indian History
250 _a2015
260 _bBrown Bear Books
300 _a256
942 _2ddc
_cEB
999 _c12865
_d12865